Statistics for Guess the logo quiz #1

Click here to take the quiz!

General Stats

  • This quiz has been taken 87 times
  • The average score is 13 of 16

Answer Stats

Answer% Correct
Apple
92%
Google
92%
Netflix
92%
Puma
90%
Samsung
90%
Gucci
89%
Dunkin Donuts
87%
Microsoft
87%
Burger King
86%
Target
85%
Fila
82%
Snapchat
80%
Chanel
76%
Roblox
63%
Costco
62%
Costa Coffee
28%

Score Distribution

Percentile by Number Answered

Percent of People with Each Score

Your Score History

You have not taken this quiz